Apuntes para el tema: La dinámica de la estructura agraria en Costa Rica /
Na minha lista:
| Autor principal: | |
|---|---|
| Autor Corporativo: | |
| Formato: | Texto |
| Publicado em: |
San Pedro de m. de O. :
|
| Assuntos: | |
| Tags: |
Adicionar Tag
Sem tags, seja o primeiro a adicionar uma tag!
|
MARC
| LEADER | 00000 a a2200000 04500 | ||
|---|---|---|---|
| 001 | 17918 | ||
| 003 | |||
| 040 | |||
| 020 | |a [sin ISBN] | ||
| 022 | |a [sin ISBN] | ||
| 090 | |a 0001 C172a | ||
| 100 | |a Camacho Monge, Daniel | ||
| 110 | |a Uiversidad de Costa Rica. Escuela de Ciencias del Hombre. Estructura Económica y Social de Costa Rica | ||
| 245 | |a Apuntes para el tema: |b La dinámica de la estructura agraria en Costa Rica / |c Daniel Camacho Monge | ||
| 260 | |a San Pedro de m. de O. : | ||
| 300 | |a 23 páginas | ||
| 650 | |a TENENCIA DE LA TIERRA | ||
| 650 | |2 Macrothesaurus de la OCDE/ARRENDATARIOS AGRICOLAS | ||
| 650 | |2 Macrothesaurus de la OCDE/ADMINISTRACION DE TIERRAS | ||
| 650 | |2 Macrothesaurus de la OCDE/ECONOMIA DE LA TIERRA | ||
| 650 | |2 Macrothesaurus de la OCDE | ||
| 999 | |c 13591 |d 13591 | ||
